000 00582nam a22001817a 4500
005 20231103162017.0
020 _c023-033-060-6
037 _bDBAD/PUB
_a1
082 _a000
100 _aMohanty muktikanta
_958170
245 _aGENERAL KNOWLEDGE MANUAL 2011\
_cMUKTIKANTA MOHANTY
260 _aDELHI
_bMACMILLAN PUBLISHERS INDIA LTD.
_c2011
270 _a2/10 ANSARI ROAD, DARYAGANJ, NEW DELHI-110002
300 _a404p.
_c22cm(pbk)
700 _aMUKTIKANTA MOHANTY
_958023
710 _aShah Ebadur Rahman
_eTranslator
_958008
942 _2ddc
_cEN
_h000
_mGEN
999 _c198848
_d198848